<?xml version="1.0" encoding="UTF-8"?><?xml-stylesheet type="text/xsl" href="static/style.xsl"?><OAI-PMH xmlns="http://www.openarchives.org/OAI/2.0/" xmlns:xsi="http://www.w3.org/2001/XMLSchema-instance" xsi:schemaLocation="http://www.openarchives.org/OAI/2.0/ http://www.openarchives.org/OAI/2.0/OAI-PMH.xsd"><responseDate>2026-04-14T16:56:28Z</responseDate><request verb="GetRecord" identifier="oai:uvadoc.uva.es:10324/30880" metadataPrefix="marc">https://uvadoc.uva.es/oai/request</request><GetRecord><record><header><identifier>oai:uvadoc.uva.es:10324/30880</identifier><datestamp>2021-06-18T06:39:10Z</datestamp><setSpec>com_10324_38</setSpec><setSpec>col_10324_787</setSpec></header><metadata><record xmlns="http://www.loc.gov/MARC21/slim" xmlns:doc="http://www.lyncode.com/xoai" xmlns:xsi="http://www.w3.org/2001/XMLSchema-instance" xmlns:dcterms="http://purl.org/dc/terms/" xsi:schemaLocation="http://www.loc.gov/MARC21/slim http://www.loc.gov/standards/marcxml/schema/MARC21slim.xsd">
<leader>00925njm 22002777a 4500</leader>
<datafield tag="042" ind1=" " ind2=" ">
<subfield code="a">dc</subfield>
</datafield>
<datafield tag="720" ind1=" " ind2=" ">
<subfield code="a">Rada Alonso, Pablo de</subfield>
<subfield code="e">author</subfield>
</datafield>
<datafield tag="260" ind1=" " ind2=" ">
<subfield code="c">2018</subfield>
</datafield>
<datafield tag="520" ind1=" " ind2=" ">
<subfield code="a">Dentro de los elementos de mejora, buscados por los fabricantes del sector automoción, se encuentran la reducción en el peso del conjunto de los vehículos actuales, con el objetivo de minimizar su consumo y la mejora del rendimiento de ciertos componentes de seguridad pasiva del automóvil, siendo necesario conferir a los elementos protectores de un mayor nivel de rigidez y absorción de energía proveniente del impacto consecuencia de un accidente.&#xd;
El presente proyecto plantea como objetivos el estudio del sistema anti intrusión de protección del panel de la puerta, adaptado de la geometría de un vehículo actual, y la implementación de adaptaciones geométricas en las variables teóricas observadas mediante modelado de superficies del perfil inicial y su simulación.&#xd;
Es de esperar de los resultados del proyecto, líneas futuras de mejora del comportamiento del perfil y propuestas que aporten ventajas significativas en rigidez, resistencia y aligeramiento del material de dichos perfiles.</subfield>
</datafield>
<datafield tag="024" ind2=" " ind1="8">
<subfield code="a">http://uvadoc.uva.es/handle/10324/30880</subfield>
</datafield>
<datafield ind1=" " ind2=" " tag="653">
<subfield code="a">Automóviles - Resistencia a las colisiones</subfield>
</datafield>
<datafield tag="245" ind1="0" ind2="0">
<subfield code="a">Modelado y análisis de geometría de un Perfil Anti intrusión de Vehículos</subfield>
</datafield>
</record></metadata></record></GetRecord></OAI-PMH>